Central Library OPAC University of Rajshahi

Livestock behaviour : (Record no. 37070)

MARC details
000 -LEADER
fixed length control field 00845nam a22002891a 4500
001 - CONTROL NUMBER
control field 37070
003 - CONTROL NUMBER IDENTIFIER
rucl marc code BD-RjUL
005 - DATE AND TIME OF LATEST TRANSACTION
control field 20211209052556.0
008 - FIXED-LENGTH DATA ELEMENTS--GENERAL INFORMATION
fixed length control field 141013s1984 enka b 001 0 eng d
020 ## - INTERNATIONAL STANDARD BOOK NUMBER
International Standard Book Number 0865315760
International Standard Book Number 0246119063
035 ## - SYSTEM CONTROL NUMBER
System control number CURL 980083061023(LCo) from nsc11
-- (BD-RjUL)37172
040 ## - CATALOGING SOURCE
Original cataloging agency BD-RjUL
Language of cataloging eng
Transcribing agency BD-RjUL
041 ## - LANGUAGE CODE
Language code of text/sound track or separate title eng
082 ## - DEWEY DECIMAL CLASSIFICATION NUMBER
Classification number 636
Author mark and year KIL 1984
100 1# - MAIN ENTRY--PERSONAL NAME
Personal name Kilgour, Ronald.
9 (RLIN) 113351
245 10 - TITLE STATEMENT
Title Livestock behaviour :
Remainder of title a practical guide /
Statement of responsibility, etc. Ronald Kilgour and Clive Dalton.
260 ## - PUBLICATION, DISTRIBUTION, ETC. (IMPRINT)
Place of publication, distribution, etc. London :
Name of publisher, distributor, etc. Granada,
Date of publication, distribution, etc. 1984.
300 ## - PHYSICAL DESCRIPTION
Pagination xii, 320 p :
Illustrations ill ;
Size 23 cm
504 ## - BIBLIOGRAPHY, ETC. NOTE
Bibliography, etc Bibliography: p. [293]-294
Bibliography, etc Includes index
650 #0 - SUBJECT ADDED ENTRY--TOPICAL TERM
Topical term or geographic name as entry element Livestock
General subdivision Behavior
9 (RLIN) 113352
700 1# - ADDED ENTRY--PERSONAL NAME
Personal name Dalton, Clive
942 ## - ADDED ENTRY ELEMENTS (KOHA)
Source of classification or shelving scheme Dewey Decimal Classification
Koha item type Books
Holdings
Lost status Source of classification or shelving scheme Damaged status Not for loan Collection code Permanent Location Current Location Shelving location Date acquired Source of acquisition Total Checkouts Full call number Date last seen Copy number Koha item type
  Dewey Decimal Classification   Not For Loan Non-fiction Institute of Biological Sciences (IBSc) Library Institute of Biological Sciences (IBSc) Library   13/10/2014 British council   636 KIL 1984 13/10/2014 C-1 Books